Vegetables that are Green - Statistics

General Stats
  • This quiz has been taken 95 times
    40 since last reset
  • The average score is 9 of 20
Answer Stats
Vegetables % Correct
Broccoli
95%
Cabbage
84%
Lettuce
81%
Peas
70%
Spinach
70%
Green Beans
68%
Kale
62%
Green Pepper
54%
Asparagus
51%
Celery
51%
Zucchini
51%
Brussels sprouts
32%
Leeks
27%
Watercress
27%
Green Onions
19%
Arugula
14%
Bok Choy
14%
Endive
14%
Fennel
8%
Escarole
0%
No matching quizzes found
Score Distribution
Percent of People with Each Score
Percentile by Number Answered
Your Score History
You have not taken this quiz since the last reset